Physical activity towards health and fitness : exercise-based fitness activities / Meynardo L. Ballecer [and four others]. (Record no. 21368)

000 -LEADER
fixed length control field 00647nam a22001817a 4500
020 ## - INTERNATIONAL STANDARD BOOK NUMBER
ISBN 9786214092581
082 ## - DEWEY DECIMAL CLASSIFICATION NUMBER
Classification number 613.71
Item number B191 2025
100 ## - MAIN ENTRY--AUTHOR NAME
Personal name Ballecer, Meynardo L., author.
245 ## - TITLE STATEMENT
Title Physical activity towards health and fitness : exercise-based fitness activities / Meynardo L. Ballecer [and four others].
250 ## - EDITION STATEMENT
Edition statement Second edition.
260 ## - PUBLICATION, DISTRIBUTION, ETC. (IMPRINT)
Place of publication Mandaluyong City :
Name of publisher Books Atbp. Publishing Corp.,
Year of publication ©2025.
300 ## - PHYSICAL DESCRIPTION
Number of Pages ix, 198 pages :
Other physical details illustrations ; 26 cm
500 ## - GENERAL NOTE
General note Includes bibliographical references.
650 ## - SUBJECT ADDED ENTRY--TOPICAL TERM
Topical Term Physical fitness.
650 ## - SUBJECT ADDED ENTRY--TOPICAL TERM
Topical Term Exercise.
650 ## - SUBJECT ADDED ENTRY--TOPICAL TERM
Topical Term Exercise -- Study and teaching.
942 ## - ADDED ENTRY ELEMENTS (KOHA)
Koha item type Books
Holdings
Source of acquisition Permanent Location Date acquired Koha item type Collection code Accession Number Lost status Shelving location Withdrawn status Current Location Full call number
SchoolCagayan State University - Carig Library2025-09-11BooksApplied Sciences011225 General Collection Cagayan State University - Carig Library613.71 B191 2025
SchoolCagayan State University - Carig Library2025-09-11BooksApplied Sciences011226 General Collection Cagayan State University - Carig Library613.71 B191 2025
SchoolCagayan State University - Carig Library2025-09-11BooksApplied Sciences011227 General Collection Cagayan State University - Carig Library613.71 B191 2025

Cagayan State University University Library, Carig Campus
Tuguegarao City, Cagayan 3500 | www.csucarig.edu.ph

Powered by Koha